El mito de dos volcanes (Record no. 1817)

MARC details
000 -CABECERA
campo de control de longitud fija 00819nam a2200217 a 4500
001 - NÚMERO DE CONTROL
campo de control BRCA_2053
005 - FECHA Y HORA DE LA ÚLTIMA TRANSACCIÓN
campo de control 20190320203642.0
008 - DATOS DE LONGITUD FIJA--INFORMACIÓN GENERAL
campo de control de longitud fija 050808s2005----mx-a---###---#000-0#spa-#
020 ## - NÚMERO INTERNACIONAL ESTÁNDAR DEL LIBRO
Número Internacional Estándar del Libro 9709703528
020 ## - NÚMERO INTERNACIONAL ESTÁNDAR DEL LIBRO
Número Internacional Estándar del Libro 968520845X
050 #4 - SIGNATURA TOPOGRÁFICA DE LA BIBLIOTECA DEL CONGRESO
Número de clasificación N8214.5.M6
Número de documento/Ítem .M58 2005
245 10 - MENCIÓN DE TÍTULO
Título El mito de dos volcanes
Resto del título Popocatépetl, Iztaccíhuatl
Mención de responsabilidad, etc. [concepto y coordinación general Mercedes Iturbe].
260 ## - PUBLICACIÓN, DISTRIBUCIÓN, ETC.
Lugar de publicación, distribución, etc. México
Nombre del editor, distribuidor, etc. Editorial RM : Instituto Nacional de Bellas Artes
Fecha de publicación, distribución, etc. 2005
300 ## - DESCRIPCIÓN FÍSICA
Extensión 159 p.
Otras características físicas il. (algunas a color)
Dimensiones 29 cm.
650 14 - PUNTO DE ACCESO ADICIONAL DE MATERIA--TÉRMINO DE MATERIA
Término de materia o nombre geográfico como elemento de entrada Popocatépetl (México)
Subdivisión de forma Exposiciones
Subdivisión general En el arte
9 (RLIN) 6261
650 14 - PUNTO DE ACCESO ADICIONAL DE MATERIA--TÉRMINO DE MATERIA
Término de materia o nombre geográfico como elemento de entrada Iztaccíhuatl (México)
Subdivisión de forma Exposiciones
Subdivisión general En el arte
9 (RLIN) 6262
650 14 - PUNTO DE ACCESO ADICIONAL DE MATERIA--TÉRMINO DE MATERIA
Término de materia o nombre geográfico como elemento de entrada Volcanes en el arte
Subdivisión de forma Exposiciones
9 (RLIN) 6263
650 14 - PUNTO DE ACCESO ADICIONAL DE MATERIA--TÉRMINO DE MATERIA
Término de materia o nombre geográfico como elemento de entrada Arte mexicano
Subdivisión de forma Exposiciones
9 (RLIN) 6264
700 1# - PUNTO DE ACCESO ADICIONAL--NOMBRE DE PERSONA
Nombre de persona Iturbe, Mercedes
9 (RLIN) 5315
942 ## - ELEMENTOS DE PUNTO DE ACCESO ADICIONAL (KOHA)
Fuente del sistema de clasificación o colocación Library of Congress Classification
Tipo de ítem Koha Libros
Holdings
Estado de retiro Estado de pérdida Estado dañado No para préstamo Localización permanente Ubicación/localización actual Fecha de adquisición Total de préstamos Signatura topográfica completa Código de barras Fecha visto por última vez Precio válido a partir de Tipo de ítem Koha
El ejemplar forma parte de la colección y puede ser consultado según las políticas vigentes.       Biblioteca del Museo Franz Mayer (Rogerio Casas-Alatriste) Biblioteca del Museo Franz Mayer (Rogerio Casas-Alatriste) 05/08/2008   N8214.5.M6 .M58 2005 00466 22/03/2019 22/03/2019 Libros